|
|
|
|
| LEADER |
00000nam0a2200000 4500 |
| 001 |
142479 |
| 005 |
20231031142748.0 |
| 010 |
|
|
|a 5020054291
|
| 035 |
|
|
|a (RuTPU)RU\TPU\book\154406
|
| 090 |
|
|
|a 142479
|
| 100 |
|
|
|a 20080908d1991 m y0rusy50 ca
|
| 101 |
0 |
|
|a rus
|
| 102 |
|
|
|a RU
|
| 105 |
|
|
|a af z 001zy
|
| 200 |
1 |
|
|a Эоцен Западной Камчатки
|f Академия наук СССР (АН СССР), Геологический институт (ГИН) ; отв. ред. Е. В. Девяткин
|
| 210 |
|
|
|a Москва
|d 1991
|c Наука
|
| 215 |
|
|
|a 184 с.
|c ил.
|
| 225 |
1 |
|
|a Труды
|v Вып. 467
|
| 320 |
|
|
|a Библиогр.: с. 155-167.
|
| 610 |
1 |
|
|a эоцен
|
| 610 |
1 |
|
|a Камчатка
|
| 610 |
1 |
|
|a геология
|
| 610 |
1 |
|
|a палеонтология
|
| 675 |
|
|
|a 551.781.4
|v 3
|
| 702 |
|
1 |
|a Девяткин
|b Е. В.
|4 340
|
| 712 |
0 |
2 |
|a Академия наук СССР (АН СССР)
|b Геологический институт (ГИН)
|c (Москва)
|2 stltpush
|3 (RuTPU)RU\TPU\col\11354
|
| 801 |
|
1 |
|a RU
|b 63413507
|c 20080908
|g PSBO
|
| 801 |
|
2 |
|a RU
|b 63413507
|c 20090427
|g PSBO
|
| 942 |
|
|
|c BK
|